XXIX Informe sobre la política de competencia 1999
Guardat en:
| Autor corporatiu: | |
|---|---|
| Format: | Llibre |
| Idioma: | espanyol |
| Publicat: |
Luxemburgo
Oficina de Publicaciones Oficiales de las Comunidades Europeas
2000
|
| Matèries: | |
| Etiquetes: |
Afegir etiqueta
Sense etiquetes, Sigues el primer a etiquetar aquest registre!
|
MARC
| LEADER | 00000nam a2200000 a 4500 | ||
|---|---|---|---|
| 001 | UCG2079 | ||
| 003 | CL-VaPUC | ||
| 008 | 100610e20000000LU |||||||||||||||||spa|d | ||
| 020 | |a 9282899802 | ||
| 082 | 0 | 4 | |a 337.142 |b COM |2 21 |
| 110 | 2 | |a Comisión Europea |e author |9 550357 | |
| 245 | 1 | 0 | |a XXIX Informe sobre la política de competencia 1999 |
| 300 | |a 423 p | ||
| 942 | |c BK | ||
| 945 | |d 20100610 00:00:00 |a dcastane | ||
| 260 | |a Luxemburgo |b Oficina de Publicaciones Oficiales de las Comunidades Europeas |c 2000 | ||
| 600 | 0 | 7 | |a UNION EUROPEA |2 CL-VaPUC |9 320734 |
| 650 | 0 | |a Economía |9 255568 | |
| 650 | 0 | |a Política |9 255312 | |
| 650 | 7 | |a NORMAS |2 CL-VaPUC |9 259606 | |
| 650 | 0 | |a Mercados |9 338624 | |
| 650 | 7 | |a SUBSIDIOS |2 CL-VaPUC |9 349046 | |
| 650 | 0 | |a Estado |9 255503 | |
| 583 | |a last modification |c 20100610 00:00:00 |k Rodrigo Vera | ||
| 999 | |c 341319 |d 341317 | ||
| 952 | |0 0 |1 0 |4 0 |6 337_142000000000000_COM_2000 |7 0 |8 P |9 436700 |a BIBDER |b BIBDER |d 2019-11-22 |i 4683625 |o 337.142 COM 2000 |p 4683625 |r 2023-01-25 |w 2019-11-22 |y BK |k DER | ||